Tous les Méchants Disney - Statistiques

Statistiques générales
  • Ce quiz a été pris 182 fois
    127 depuis la dernière actualisation
  • Le résultat moyen est 26 sur 71
Statistiques - réponses
Film Méchant % Correct
Les 101 Dalmatiens Cruella d'Enfer
86%
Aladdin Jafar
86%
Le Roi lion Scar
86%
La Belle au Bois Dormant Maléfique
84%
Hercule Hadès
83%
La Petite Sirène Ursula
83%
Peter Pan Capitaine Crochet
81%
La Belle et la Bête Gaston
80%
Blanche-Neige et les Sept Nains La Méchante Reine
79%
Le Bossu de Notre-Dame Juge Claude Frollo
71%
Raiponce Mère Gothel
70%
La Reine des Neiges Hans
69%
Les Aristochats Edgar Balthazar
68%
Alice au Pays des Merveilles Reine de Cœur
65%
Le Livre de la Jungle Shere Khan
65%
La Princesse et la Grenouille Docteur Facilier
63%
Le Livre de la Jungle Kaa
61%
Kuzco l'Emepereur Mégalo Yzma
61%
Tarzan Clayton
60%
Cendrillon Madame de Trémaine
55%
Merlin l'Enchanteur Madame Mim
55%
Mulan Shan-Yu
54%
Robin des Bois Prince Jean
51%
Pinocchio Monstro
50%
Pinocchio Stromboli
49%
La Belle et le Clochard Am et Si
48%
Pinocchio Grand Coquin
48%
Basil, Détective Privé Professeur Ratigan
48%
Pocahontas Gouverneur John Ratcliffe
46%
Les Aventures de Bernard et Bianca Madame Médusa
46%
Les Mondes de Ralph Sa Sucrerie/Turbo
44%
Vaiana, la légende du bout du monde Tamatoa
38%
Vaiana, la légende du bout du monde Te Kā
35%
Dumbo Monsieur Loyal
31%
Pinocchio Le Cocher
25%
Bambi L'Homme
25%
Taram et le Chaudron magique Seigneur des Ténèbres
24%
Rox et Rouky Amos Slade
23%
Zootopie Dawn Bellwether
23%
Lilo et Stitch Gantu
21%
Dinosaure Kron
21%
Bienvenue chez les Robinson L'homme au chapeau melon/Michael "Goob" Yagoobian
21%
Les Nouveaux Héros Professeur Callaghan/Yokai
21%
Oliver et Compagnie Bill Sykes
20%
Le Crapaud et le Maître d'École Le Cavalier sans tête
20%
La Planète au trésor : Un nouvel univers Long John Silver
20%
Wish : Asha et la Bonne Étoile Roi Magnifico
20%
Bambi Ronno
20%
Atlantide, l'empire perdu Lyle Tiberius Rourke
19%
Fantasia Chernabog
16%
Coquin de printemps Willie le Géant
16%
Bienvenue chez les Robinson DOR-15
15%
Raya et le Dernier Dragon Namaari
15%
La ferme se rebelle Alameda Slim
13%
Volt, star malgré lui (dans l'univers du film) Docteur Calico
10%
Le Crapaud et le Maître d'École Monsieur Moustache
10%
La Planète au trésor : Un nouvel univers Scroop
10%
Fantasia T-Rex
10%
Vaiana 2 Nalo
9%
Raya et le Dernier Dragon Druun
8%
Les Aventures de Winnie l'Ourson Efélants et Nouifs
8%
Volt, star malgré lui L'Agent
8%
La Boîte à musique Le loup
8%
Bernard et Bianca au pays des kangourous Perceval McLeach
8%
Fantasia 2000 Diable en Boîte
6%
Fantasia 2000 L'Oiseau de feu
6%
Chicken Little Foxy Loxy
5%
Saludos Amigos L'Aconcagua
5%
Coquin de printemps Lumpjack
5%
La Reine des neiges 2 Roi Runeard
5%
La Boîte à musique Tetti-Tatti
5%
Aucun quiz correspondant
Distribution des résultats
% des personnes avec chaque résultat
Percentile par nombre de réponses
Votre historique - résultats
Vous n’avez pas pris ce quiz depuis la dernière actualisation